header

The bi-personal field (Record no. 46630)

MARC details
000 -LEADER
fixed length control field 01512nam a2200397Ia 4500
082 04 - DEWEY DECIMAL CLASSIFICATION NUMBER
Classification number 618.92/8917
100 1# - MAIN ENTRY--AUTHOR NAME
Personal name Ferro, Antonino,
245 14 - TITLE STATEMENT
Title The bi-personal field
260 ## - PUBLICATION, DISTRIBUTION, ETC. (IMPRINT)
Place of publication London ;
-- New York :
Name of publisher Routledge,
Year of publication 1999.
300 ## - PHYSICAL DESCRIPTION
Number of Pages xviii, 210 p. :
Other physical details ill.
490 1# - SERIES STATEMENT
Series statement New library of psychoanalysis ;
650 #0 - SUBJECT ADDED ENTRY--TOPICAL TERM
Topical Term Child analysis.
Topical Term Child psychiatry.
Topical Term Psychotherapist and patient.
Topical Term Psychoanalysis
856 40 - ELECTRONIC LOCATION AND ACCESS
Uniform Resource Identifier http://site.ebrary.com/lib/rucke/Doc?id=10061026

No items available.

© 2026 Rongo University
Contact us: librarian | system librarian | Rongo university